000
00296nam a2200133Ia 4500
008
100328s9999 xx 000 0 und d
082
_b
67735
100
_a
Desai M.R.
245
_a
The Aksa Sukta.
260
_b
---
630
_a
The Aksa Sukta.
730
_a
The Aksa Sukta.
942
_c
BOOK
999
_c
553474
_d
553471